00483nam a2200157Ia 4500008004100000020001800041082001600059100001700075245009000092250000800182260004400190300002300234500001900257600003300276650001600309240925s9999 xx 000 0 und d a9781107645509 a515.723 JAM aJames, J. F. 2aA Student's Guide to Fourier Transforms: with applications in physics and engineering a3rd aNew York:bCambridge Universityc,2016. a324p.b0fOriginal aIncludes Index aHumanities & Natural Science aMathematics